LEADER 01000nam a2200241 i 4500 001 000000258567 003 CaOOAMICUS 005 20210830133922.0 008 180521s2011 it u000 u ita u 013 $a237475 040 $aSeMil$bita 100 1 $aBeretta, Ilaria.$0(OLS)http://semarc/name/94946 245 13$aIl padre che sorride :$ble musiche del recital /$cmusiche di Sergio Sala ; testi di Ilaria Beretta ... [et al.]. 260 $a[s.l.] :$bCdB Video,$c2011. 300 $a1 CD ;$c13 cm. 650 4$aVismara, Clemente .$0(OLS)http://semarc/subject/8230 700 1 $aSala, Sergio.$0(OLS)http://semarc/name/94947 850 $aSeMil 852 $aSeMil$W1$xVenegono$y1$mMM A 41$j224450$B208913$CSeMilBibl$Z2$F222624 $8I 961 $aRecupero: Altro 996 $6245$aIl padre che sorride :$ble musiche del recital$9(OLS)http://semarc/title/413507 996 $6260$a[s.l.] :$bCdB Video$9(OLS)http://semarc/publisher/57294 LEADER 01336nam a2200289 i 4500 001 000000104152 003 CaOOAMICUS 005 20011114000000.0 008 011114s1966 it u000 u ita u 013 $a76339 040 $aSeMil$bita 100 1 $aSchweitzer, Albert <1875-1965>.$0(OLS)http://semarc/name/7054 245 10$aInfanzia e giovinezza /$cAlbert Schweitzer ; a cura di Antonio Spinosa ; traduzione di Edgardo Pfeifer ; disegni di Roberto Severi - 5. ed. 250 $a5. ed. 260 $aMilano :$bU. Mursia & C.,$c1966. 300 $a135 p. :$bill. ;$c21 cm. 490 0 $aLa Nuova Biblioteca ;$v2 500 $aContiene : Nota biografica ; Breve bibliografia. - Titolo originale : Aus meiner kindheit und jugendzeit. 650 4$aAutobiografie.$0(OLS)http://semarc/subject/2396 700 1 $aSeveri, Roberto.$0(OLS)http://semarc/name/44135 700 1 $aPfeifer, Edgardo.$0(OLS)http://semarc/name/44134 700 1 $aSpinosa, Antonio,$d<1923-2009>.$0(OLS)http://semarc/name/17582 830 3$aLa nuova biblioteca ;$v2.$0(OLS)http://semarc/title/9066 850 $aSeMil 852 $aSeMil$W1$xVenegono$y1$m58 30 2 *$j60563$B60563$CSeMilBibl$Z2$F45122 $81 996 $6245$aInfanzia e giovinezza$9(OLS)http://semarc/title/151061 996 $6260$aMilano :$bU. Mursia & C.$9(OLS)http://semarc/publisher/31860